Drama for development : (Record no. 54190)
[ view plain ]
| 000 -LEADER | |
|---|---|
| fixed length control field | 02297nam a22003737a 4500 |
| 005 - DATE AND TIME OF LATEST TRANSACTION | |
| control field | 20110721153138.0 |
| 010 ## - LCCN (DPL NO) | |
| LC control number | ENG-103094 B-458844-848 |
| 020 ## - INTERNATIONAL STANDARD BOOK NUMBER | |
| International Standard Book Number | 9788132105916 |
| Terms of availability | 795.00 |
| 035 ## - SYSTEM CONTROL NUMBER | |
| System control number | EN-86627 B-458844-848 |
| 037 ## - SOURCE OF ACQUISITION | |
| Source of stock number/acquisition | DBAD / PUB |
| 037 ## - SOURCE OF ACQUISITION | |
| Source of stock number/acquisition | RBC/Ven |
| 082 ## - DEWEY DECIMAL CLASSIFICATION NUMBER | |
| Classification number | 303.482091724 |
| 245 ## - TITLE STATEMENT | |
| Title | Drama for development : |
| Statement of responsibility, etc | edited by Andrew Skuse, Marie Gillespie [and] Gerry Power |
| Remainder of title | cultural translation andsocial change / |
| 260 ## - PUBLICATION, DISTRIBUTION, ETC. (IMPRINT) | |
| Place of publication, distribution, etc | New Delhi |
| Name of publisher, distributor, etc | Sage PUblications |
| Date of publication, distribution, etc | 2011 |
| 270 ## - ADDRESS | |
| Address | BI-1, Mohan Cooperative Industrial Area, Mathura Road |
| City | New Delhi |
| Postal code | 110 044 |
| 300 ## - PHYSICAL DESCRIPTION | |
| Extent | xxiii,324p. |
| Dimensions | 23cm (Hb) |
| 500 ## - GENERAL NOTE | |
| General note | Includes bibliographical references and index |
| 610 ## - SUBJECT ADDED ENTRY--CORPORATE NAME | |
| Corporate name or jurisdiction name as entry element | BBC World Service Trust |
| 650 ## - SUBJECT ADDED ENTRY--TOPICAL TERM | |
| Topical term or geographic name as entry element | Intercultural communication |
| 650 ## - SUBJECT ADDED ENTRY--TOPICAL TERM | |
| Topical term or geographic name as entry element | Mass media in community development |
| 650 ## - SUBJECT ADDED ENTRY--TOPICAL TERM | |
| Topical term or geographic name as entry element | Cultural pluralism |
| 650 ## - SUBJECT ADDED ENTRY--TOPICAL TERM | |
| Topical term or geographic name as entry element | Social change |
| 700 ## - ADDED ENTRY--PERSONAL NAME | |
| 9 (RLIN) | 29821 |
| Personal name | Skuse,Andrew |
| Dates associated with a name | 1964- |
| 700 ## - ADDED ENTRY--PERSONAL NAME | |
| Personal name | Gillespie, Marie |
| Dates associated with a name | 1953- |
| 9 (RLIN) | 29856 |
| 700 ## - ADDED ENTRY--PERSONAL NAME | |
| Personal name | Power, Gerry |
| Dates associated with a name | 1960- |
| 9 (RLIN) | 29857 |
| 942 ## - ADDED ENTRY ELEMENTS (KOHA) | |
| Institution code [OBSOLETE] | dpl |
| Item type | English Books |
| Source of classification or shelving scheme | Dewey Decimal Classification |
| Classification part | 303.482091724 |
| Call number suffix | DRA |
| Withdrawn status | Lost status | Not for loan | Collection code | Home library | Current library | Date acquired | Source of acquisition | Cost, normal purchase price | Full call number | Barcode | Copy number | Cost, replacement price | Koha item type |
|---|---|---|---|---|---|---|---|---|---|---|---|---|---|
| Non-fiction | Central Library | Central Library | 27/04/2012 | RBC/27381/30.01.2012/07/18.01.2012/06.02.2012 | 795.00 | 303.482091724 DRA | B-458844 | 1 | 795.00 | English Books | |||
| Not For Loan | Non-fiction | D.B.Act.Division | D.B.Act.Division | 21/07/2011 | DBAD/PUB | 795.00 | 303.482091724 DRA | EN-86627 | 1 | 795.00 | English Books | ||
| Non-fiction | Karol Bagh | Karol Bagh | 27/04/2012 | RBC/27381/30.01.2012/07/18.01.2012/06.02.2012 | 795.00 | 303.482091724 DRA | B-458847 | 1 | 795.00 | English Books | |||
| Non-fiction | Patel Nagar | Patel Nagar | 27/04/2012 | RBC/27381/30.01.2012/07/18.01.2012/06.02.2012 | 795.00 | 303.482091724 DRA | B-458845 | 1 | 795.00 | English Books | |||
| Non-fiction | Sarojini Nagar | Sarojini Nagar | 27/04/2012 | RBC/27381/30.01.2012/07/18.01.2012/06.02.2012 | 795.00 | 303.482091724 DRA | B-458846 | 1 | 795.00 | English Books | |||
| Non-fiction | Shahdara Branch | Shahdara Branch | 27/04/2012 | RBC/27381/30.01.2012/07/18.01.2012/06.02.2012 | 795.00 | 303.482091724 DRA | B-458848 | 1 | 795.00 | English Books |
